| 000 | 00439pab a2200181 454500 | ||
|---|---|---|---|
| 008 | 180718b2013 xxu||||| |||| 00| 0 eng d | ||
| 100 | _aPatel, Shirish B. | ||
| 245 | _aRevisiting the real estate bill, 2013 | ||
| 260 | _c2013 | ||
| 300 | _ap.34-39. | ||
| 362 | _a30 Nov | ||
| 650 | _aHousing | ||
| 700 | _aGandhi, Sahil | ||
| 700 | _aTandel, Vaidehi | ||
| 773 | _aEconomic and Political Weekly | ||
| 908 | _aN | ||
| 909 | _a103265 | ||
| 999 |
_c103261 _d103261 |
||